Quench the moon / (Record no. 588618)
[ view plain ]
| 000 -LEADER | |
|---|---|
| fixed length control field | 00676cam a22002531 4500 |
| 001 - CONTROL NUMBER | |
| control field | 10225540 |
| 003 - CONTROL NUMBER IDENTIFIER | |
| control field | NUST |
| 005 - DATE AND TIME OF LATEST TRANSACTION | |
| control field | 20220306130311.0 |
| 008 - FIXED-LENGTH DATA ELEMENTS--GENERAL INFORMATION | |
| fixed length control field | 750605s1948 xx 000 0 eng |
| 010 ## - LIBRARY OF CONGRESS CONTROL NUMBER | |
| LC control number | 48005852 |
| 035 ## - SYSTEM CONTROL NUMBER | |
| System control number | (OCoLC)1376617 |
| 038 ## - RECORD CONTENT LICENSOR | |
| Staff Name | waseem |
| 040 ## - CATALOGING SOURCE | |
| Original cataloging agency | DLC |
| Transcribing agency | FO |
| Modifying agency | DLC |
| 050 00 - LIBRARY OF CONGRESS CALL NUMBER | |
| Classification number | PZ3.M1958 |
| Item number | Qe |
| Classification number | PR6025.A25253 |
| 082 ## - DEWEY DECIMAL CLASSIFICATION NUMBER | |
| Classification number | 823.914 |
| Author Mark | MAC |
| 100 1# - MAIN ENTRY--PERSONAL NAME | |
| Personal name | Macken, Walter, |
| 9 (RLIN) | 90360 |
| 245 10 - TITLE STATEMENT | |
| Title | Quench the moon / |
| Statement of responsibility, etc. | Walter Macken |
| 260 ## - PUBLICATION, DISTRIBUTION, ETC. | |
| Place of publication, distribution, etc. | London : |
| Name of publisher, distributor, etc. | McMillians & co, |
| Date of publication, distribution, etc. | 1948. |
| 300 ## - PHYSICAL DESCRIPTION | |
| Extent | 398 p. |
| Dimensions | 18 cm. |
| 563 ## - BINDING INFORMATION | |
| Binding note | PBK. |
| 651 #0 - SUBJECT ADDED ENTRY--GEOGRAPHIC NAME | |
| Geographic name | Ireland |
| General subdivision | Fiction. |
| 9 (RLIN) | 90361 |
| 906 ## - LOCAL DATA ELEMENT F, LDF (RLIN) | |
| a | 7 |
| b | cbc |
| c | oclcrpl |
| d | u |
| e | ncip |
| f | 19 |
| g | y-gencatlg |
| 942 ## - ADDED ENTRY ELEMENTS (KOHA) | |
| Source of classification or shelving scheme | |
| Koha item type | Book |
| Withdrawn status | Lost status | Source of classification or shelving scheme | Damaged status | Not for loan | Permanent Location | Current Location | Shelving location | Date acquired | Source of acquisition | Total Checkouts | Full call number | Barcode | Date last seen | Price effective from | Koha item type |
|---|---|---|---|---|---|---|---|---|---|---|---|---|---|---|---|
| Central Library (CL) | Central Library (CL) | Fiction | 03/06/2022 | Donated by Student Affairs NUST | 823.914 MAC | CL-D-1479 | 03/06/2022 | 03/06/2022 | Book |
